[Event "TCh-CHN 2019"]
[Site "China CHN"]
[Date "2019.04.09"]
[Round "1.1"]
[Board "1"]
[White "Zeng, Chongsheng"]
[Black "Zhao, Jun"]
[Result "1-0"]
[WhiteTitle "GM"]
[BlackTitle "GM"]
[WhiteElo "2552"]
[BlackElo "2639"]
[WhiteTeam "Chongqing Sports lottery chess team"]
[BlackTeam "Shandong Jingzhi team"]
[WhiteFideId "8603847"]
[BlackFideId "8602522"]
[EventDate "2019.04.09"]

1. e4 e5 2. Nf3 Nc6 3. Bc4 Bc5 4. c3 Nf6 5. d4 exd4 6. e5 d5 7. Bb5 Ne4 8. cxd4
Bb6 9. Nc3 O-O 10. Be3 Bg4 11. h3 Bh5 12. Qc2 Bg6 13. Qb3 Ne7 14. Nh4 c6 15.
Nxg6 hxg6 16. Bd3 Nf5 17. Bxe4 Nxe3 18. fxe3 Qh4+ 19. Ke2 dxe4 20. Raf1 c5 21.
Rf4 Qh5+ 22. g4 Qh4 23. Rhf1 Qe7 24. Nd5 Qe6 25. Nxb6 axb6 26. Rxf7 Qxf7 27.
Rxf7 Rxf7 28. e6 Rf6 29. g5 Rf5 30. e7+ Rf7 31. Qa4 1-0

[Event "TCh-CHN 2019"]
[Site "China CHN"]
[Date "2019.04.09"]
[Round "1.1"]
[Board "2"]
[White "Zhou, Weiqi"]
[Black "Wen, Yang"]
[Result "1/2-1/2"]
[WhiteTitle "GM"]
[BlackTitle "GM"]
[WhiteElo "2592"]
[BlackElo "2586"]
[WhiteTeam "Chongqing Sports lottery chess team"]
[BlackTeam "Shandong Jingzhi team"]
[WhiteFideId "8601674"]
[BlackFideId "8602956"]
[EventDate "2019.04.09"]

1. Nf3 d5 2. e3 Nf6 3. c4 e6 4. Nc3 b6 5. b3 Bb7 6. Bb2 Nbd7 7. Be2 a6 8. O-O
Bd6 9. d4 O-O 10. Qc2 Qe7 11. Rfd1 Rac8 12. Rac1 Rfe8 13. cxd5 exd5 14. g3 g6
15. Bf1 Ng4 16. Bg2 h5 17. Ne5 Ndf6 18. Qe2 Nxe5 19. dxe5 Bxe5 20. Nxd5 Nxd5 21.
Bxd5 Bxd5 22. Rxd5 Bxb2 23. Qxb2 Red8 24. Rcd1 Rxd5 25. Rxd5 Rd8 26. Qd4 Rxd5
27. Qxd5 a5 28. a4 Kg7 29. h4 Qf6 30. Kg2 Qc3 1/2-1/2

[Event "TCh-CHN 2019"]
[Site "China CHN"]
[Date "2019.04.09"]
[Round "1.1"]
[Board "4"]
[White "Ning, Kaiyu"]
[Black "Tan, Zhongyi"]
[Result "1-0"]
[WhiteTitle "WIM"]
[BlackTitle "GM"]
[WhiteElo "2353"]
[BlackElo "2502"]
[WhiteTeam "Shandong Jingzhi team"]
[BlackTeam "Chongqing Sports lottery chess team"]
[WhiteFideId "8614750"]
[BlackFideId "8603642"]
[EventDate "2019.04.09"]

1. d4 Nf6 2. c4 e6 3. Nf3 b6 4. a3 Bb7 5. Nc3 g6 6. Qc2 Bg7 7. e4 O-O 8. Be2 d5
9. cxd5 exd5 10. e5 Ne4 11. O-O c5 12. Bd3 Nc6 13. Nxe4 dxe4 14. Bxe4 Nxd4 15.
Nxd4 Bxe4 16. Qxe4 Qxd4 17. Qxd4 cxd4 18. Bf4 Rac8 19. Rfd1 Rfd8 20. Rd2 Rc5 21.
Re1 d3 22. Bg5 Rd7 23. f4 h6 24. Bf6 Bxf6 25. exf6 Rd6 26. Re8+ Kh7 27. Kf2 Rxf6
28. Ke3 Rc1 29. Re4 Rd6 30. Rd4 Rxd4 31. Kxd4 g5 32. fxg5 hxg5 33. Kxd3 Kg6 34.
Ke3 f5 35. h3 Kh5 36. Rf2 f4+ 37. Kf3 Re1 38. Rc2 Re3+ 39. Kf2 Rb3 40. Kg1 Kg6
41. Re2 Kf5 42. Kf2 a5 43. Kg1 Re3 44. Rxe3 fxe3 45. g3 Ke4 46. Kf1 Kf3 47. h4
gxh4 48. gxh4 Kg4 49. Ke2 1-0

[Event "TCh-CHN 2019"]
[Site "China CHN"]
[Date "2019.04.09"]
[Round "1.1"]
[Board "5"]
[White "Yan, Tianqi"]
[Black "Lei, Tingjie"]
[Result "0-1"]
[BlackTitle "GM"]
[WhiteElo "2240"]
[BlackElo "2483"]
[WhiteTeam "Shandong Jingzhi team"]
[BlackTeam "Chongqing Sports lottery chess team"]
[WhiteFideId "8615250"]
[BlackFideId "8605114"]
[EventDate "2019.04.09"]

1. e4 c5 2. Nf3 d6 3. d4 cxd4 4. Nxd4 Nf6 5. Nc3 a6 6. Be2 e5 7. Nb3 Be7 8. O-O
O-O 9. Kh1 b6 10. Be3 Bb7 11. f3 b5 12. a4 b4 13. Nd5 Nxd5 14. exd5 Nd7 15. c4
bxc3 16. bxc3 Bg5 17. Bf2 Qc7 18. c4 a5 19. c5 Nxc5 20. Nxc5 dxc5 21. d6 Qd7 22.
Bxc5 Bc6 23. Bd3 Rfc8 24. Bc2 Rab8 25. Qd3 g6 26. Qc3 Bf6 27. Be4 Kg7 28. Qxa5
Bxe4 29. fxe4 Qc6 30. Ba3 Qxe4 31. Rae1 Qd4 32. Rd1 Qg4 33. Qd2 Qxa4 34. d7 Qxa3
35. dxc8=Q Rxc8 36. Qd7 Rd8 37. Qc6 Qe7 38. Rb1 Rd6 39. Qe4 Rd4 40. Qc6 Qd6 41.
Qb7 Rd2 42. h3 Qd3 43. Qb6 Bg5 44. Qb3 Qxb3 45. Rxb3 f5 46. Rb7+ Kh6 47. Rb6 Kh5
48. g3 e4 49. Re6 Be3 50. Re7 h6 51. Re6 Bf2 52. g4+ Kg5 53. Kg2 Be3+ 54. Kh1
Kh4 55. Re1 Bf2 56. Rb1 Kxh3 57. Rb3+ Bg3 58. Rb1 Bf2 59. Rb3+ e3 60. Rb1 e2 61.
Rb3+ Bg3 0-1

[Event "TCh-CHN 2019"]
[Site "China CHN"]
[Date "2019.04.09"]
[Round "1.2"]
[Board "1"]
[White "Naiditsch, Arkadij"]
[Black "Ma, Qun"]
[Result "1-0"]
[WhiteTitle "GM"]
[BlackTitle "GM"]
[WhiteElo "2617"]
[BlackElo "2627"]
[WhiteTeam "Chongqing Jiulongpo Yucai Chess team"]
[BlackTeam "Hangzhou Bank Team"]
[WhiteFideId "4650891"]
[BlackFideId "8603154"]
[EventDate "2019.04.09"]

1. e4 e5 2. Nf3 Nc6 3. Bb5 Nf6 4. O-O Nxe4 5. d4 Nd6 6. Bxc6 dxc6 7. dxe5 Nf5 8.
Qxd8+ Kxd8 9. Nc3 Bd7 10. Rd1 Kc8 11. b3 h6 12. Bb2 b6 13. Rd3 Ne7 14. Rad1 Bf5
15. Rd8+ Kb7 16. Rxa8 Kxa8 17. Ne2 c5 18. c4 Kb7 19. h3 Nc6 20. g4 Bc8 21. Ng3
Rg8 22. Nh5 a5 23. a4 Be7 24. Kg2 g6 25. Nf6 Bxf6 26. exf6 Be6 27. Kg3 Kc8 28.
Bc1 g5 29. Bb2 Nb8 30. Ne5 h5 31. f3 Kb7 32. Re1 hxg4 33. fxg4 Nd7 34. Nxd7 Bxd7
35. Re7 Be6 36. Bc1 Kc8 37. Bxg5 Rxg5 38. Rxe6 Rg6 39. Re8+ Kb7 40. Re3 Kc6 41.
Rf3 1-0

[Event "TCh-CHN 2019"]
[Site "China CHN"]
[Date "2019.04.09"]
[Round "1.2"]
[Board "3"]
[White "Nie, Xinyang"]
[Black "Bai, Jinshi"]
[Result "1/2-1/2"]
[BlackTitle "GM"]
[WhiteElo "2348"]
[BlackElo "2600"]
[WhiteTeam "Chongqing Jiulongpo Yucai Chess team"]
[BlackTeam "Hangzhou Bank Team"]
[WhiteFideId "8607222"]
[BlackFideId "8602280"]
[EventDate "2019.04.09"]

1. d4 Nf6 2. c4 g6 3. Nc3 d5 4. cxd5 Nxd5 5. e4 Nxc3 6. bxc3 Bg7 7. Qa4+ Nd7 8.
Nf3 O-O 9. Be2 Nb6 10. Qa3 Qd6 11. O-O Be6 12. Qa5 Qc6 13. Ne5 Qxe4 14. Bf3 Qf5
15. Re1 c6 16. g4 Qf6 17. g5 Qf5 18. Bg4 Qc2 19. Bd1 Qf5 20. Bg4 Qc2 21. Bd1 Qf5
22. Bg4 Qc2 23. Bd1 1/2-1/2

[Event "TCh-CHN 2019"]
[Site "China CHN"]
[Date "2019.04.09"]
[Round "1.2"]
[Board "4"]
[White "Khademalsharieh, Sarasadat"]
[Black "Huang, Qian"]
[Result "1/2-1/2"]
[WhiteTitle "IM"]
[BlackTitle "WGM"]
[WhiteElo "2487"]
[BlackElo "2429"]
[WhiteTeam "Hangzhou Bank Team"]
[BlackTeam "Chongqing Jiulongpo Yucai Chess team"]
[WhiteFideId "12512214"]
[BlackFideId "8602689"]
[EventDate "2019.04.09"]

1. d4 d5 2. c4 dxc4 3. Nf3 Nf6 4. e3 a6 5. Bxc4 e6 6. O-O c5 7. a4 Nc6 8. Nc3
Be7 9. Qe2 cxd4 10. Rd1 O-O 11. exd4 Nb4 12. Ne5 b6 13. Qf3 Ra7 14. Qg3 Bb7 15.
Bh6 Ne8 16. Bb3 Ra8 17. Rac1 Kh8 18. Bf4 Nf6 19. Qh3 Kg8 20. Bg5 Ne4 21. Nxe4
Bxe4 22. Bd2 Bd5 23. Bxb4 Bxb4 24. Nc6 Bxc6 25. Rxc6 Rc8 26. Qf3 Rxc6 27. Qxc6
a5 28. d5 exd5 29. Bxd5 Qe7 30. Qxb6 Qe2 31. Bf3 1/2-1/2

[Event "TCh-CHN 2019"]
[Site "China CHN"]
[Date "2019.04.09"]
[Round "1.2"]
[Board "5"]
[White "Gu, Tianlu"]
[Black "Javakhishvili, Lela"]
[Result "1/2-1/2"]
[WhiteTitle "WIM"]
[BlackTitle "IM"]
[WhiteElo "2261"]
[BlackElo "2463"]
[WhiteTeam "Hangzhou Bank Team"]
[BlackTeam "Chongqing Jiulongpo Yucai Chess team"]
[WhiteFideId "8603995"]
[BlackFideId "13601458"]
[EventDate "2019.04.09"]

1. e4 c5 2. Nf3 e6 3. g3 Nc6 4. Bg2 Nf6 5. Nc3 d6 6. d4 cxd4 7. Nxd4 Bd7 8. O-O
a6 9. a4 Be7 10. Nxc6 Bxc6 11. Be3 O-O 12. a5 Nd7 13. Na4 Rc8 14. Re1 Qe8 15.
Nb6 Nxb6 16. Bxb6 Qd7 17. c3 f5 18. exf5 Bxg2 19. Kxg2 Rxf5 20. Qa4 Rc6 21. Re2
e5 22. Qb3+ Kh8 23. Qd5 Rh5 24. Kg1 Qh3 25. Qg2 Qxg2+ 26. Kxg2 Rf5 27. Rd1 g5
28. Re4 Kg7 29. c4 Kf7 30. b3 Ke6 31. Rd5 h5 1/2-1/2

[Event "TCh-CHN 2019"]
[Site "China CHN"]
[Date "2019.04.09"]
[Round "1.3"]
[Board "1"]
[White "Xu, Yinglun"]
[Black "Li, Yankai"]
[Result "1/2-1/2"]
[WhiteTitle "GM"]
[BlackTitle "IM"]
[WhiteElo "2555"]
[BlackElo "2432"]
[WhiteTeam "Guangdong Shenzhen Longgang Chess team"]
[BlackTeam "Zhihui Sports chess team of Tianjin"]
[WhiteFideId "8604940"]
[BlackFideId "8609357"]
[EventDate "2019.04.09"]

1. Nf3 c5 2. c4 Nc6 3. b3 e5 4. Nc3 g6 5. Bb2 Bg7 6. d3 Nge7 7. g3 O-O 8. Bg2 d6
9. O-O Rb8 10. Ne1 Be6 11. Nd5 Qd7 12. Nc2 Bh3 13. Qd2 Bxg2 14. Kxg2 f5 15. b4
cxb4 16. Ncxb4 b5 17. Nxc6 Nxc6 18. Bc3 Ne7 19. Nxe7+ Qxe7 20. Rab1 Qd7 21. Kg1
f4 22. Rxb5 Rxb5 23. cxb5 Qxb5 24. Qb2 Qxb2 25. Bxb2 fxg3 26. hxg3 Rc8 27. Rc1
Rxc1+ 28. Bxc1 Kf7 29. e4 Ke6 30. Be3 a6 1/2-1/2

[Event "TCh-CHN 2019"]
[Site "China CHN"]
[Date "2019.04.09"]
[Round "1.3"]
[Board "2"]
[White "Cheparinov, Ivan"]
[Black "Wang, Yue"]
[Result "1/2-1/2"]
[WhiteTitle "GM"]
[BlackTitle "GM"]
[WhiteElo "2687"]
[BlackElo "2674"]
[WhiteTeam "Guangdong Shenzhen Longgang Chess team"]
[BlackTeam "Zhihui Sports chess team of Tianjin"]
[WhiteFideId "2905540"]
[BlackFideId "8601429"]
[EventDate "2019.04.09"]

1. e4 e5 2. Nf3 Nf6 3. Nxe5 d6 4. Nf3 Nxe4 5. Nc3 Nxc3 6. dxc3 Be7 7. Be3 Nc6 8.
Qd2 Be6 9. O-O-O Qd7 10. h3 Bf6 11. g4 h6 12. Bg2 O-O-O 13. b3 g5 14. Nd4 Nxd4
15. cxd4 d5 16. f4 gxf4 17. Bxf4 Rdg8 18. Rhf1 Bg5 19. Rde1 Qd8 20. Re5 Bf6 21.
Rh5 Bg5 22. Re1 Qf6 23. Bxg5 hxg5 24. Rxh8 Qxh8 25. Re5 c6 26. a4 Qf6 27. a5 a6
28. Kb2 Bd7 29. Qc3 Kb8 30. Qe3 Qd8 31. Bf1 Kc8 32. Bd3 f6 33. Re7 Re8 34. Rxe8
Qxe8 35. Qxe8+ Bxe8 36. Kc3 Kc7 37. Kb4 Kd6 38. Bf5 Bf7 39. c4 Be8 1/2-1/2

[Event "TCh-CHN 2019"]
[Site "China CHN"]
[Date "2019.04.09"]
[Round "1.3"]
[Board "4"]
[White "Zatonskih, Anna"]
[Black "Li, Xueyi"]
[Result "1/2-1/2"]
[WhiteTitle "IM"]
[BlackTitle "WGM"]
[WhiteElo "2420"]
[BlackElo "2296"]
[WhiteTeam "Zhihui Sports chess team of Tianjin"]
[BlackTeam "Guangdong Shenzhen Longgang Chess team"]
[WhiteFideId "14101572"]
[BlackFideId "8605912"]
[EventDate "2019.04.09"]

1. d4 d5 2. c4 c6 3. Nc3 Nf6 4. cxd5 cxd5 5. Bf4 e6 6. e3 Bd6 7. Bxd6 Qxd6 8.
Bd3 O-O 9. f4 b6 10. Qe2 Bb7 11. Nf3 Ne4 12. O-O f5 13. Rac1 Nc6 14. Ne5 Nxc3
15. Rxc3 Rac8 16. Rfc1 Nxe5 17. fxe5 Qd7 18. Bb5 Qe7 19. g3 Rxc3 20. Rxc3 Rc8
21. Rxc8+ Bxc8 22. Qc2 Bb7 23. Qc3 h6 24. a3 Kh7 25. Kf2 Qd8 26. Bd3 Kg8 27. Ke1
Qd7 28. Kd2 Bc6 29. Qb4 Qc7 30. Qc3 Qd7 31. Qb4 Qc7 32. Ba6 Kf7 33. a4 Bd7 34.
b3 Bc8 35. Be2 a5 36. Qa3 Qe7 37. Qc1 Qb4+ 38. Qc3 Qxc3+ 39. Kxc3 g6 40. Bb5 Ke7
41. Kd2 Kf7 42. Ke2 g5 43. Kf3 g4+ 44. Kf2 Ke7 45. Ke2 1/2-1/2

[Event "TCh-CHN 2019"]
[Site "China CHN"]
[Date "2019.04.09"]
[Round "1.3"]
[Board "5"]
[White "Xiao, Yiyi"]
[Black "Guramishvili, Sopiko"]
[Result "1/2-1/2"]
[WhiteTitle "WFM"]
[BlackTitle "IM"]
[WhiteElo "2306"]
[BlackElo "2381"]
[WhiteTeam "Zhihui Sports chess team of Tianjin"]
[BlackTeam "Guangdong Shenzhen Longgang Chess team"]
[WhiteFideId "8606161"]
[BlackFideId "13602888"]
[EventDate "2019.04.09"]

1. d4 d5 2. c4 dxc4 3. Nf3 Nf6 4. e3 e6 5. Bxc4 c5 6. O-O Nc6 7. dxc5 Qxd1 8.
Rxd1 Bxc5 9. a3 O-O 10. Nbd2 b6 11. b4 Be7 12. Nb3 Bb7 13. b5 Rfd8 14. Bb2 Rxd1+
15. Rxd1 Nd8 16. a4 Rc8 17. Rc1 Bb4 18. Ne5 Ne4 19. f3 Nd2 20. Kf2 Nxc4 21. Rxc4
Rxc4 22. Nxc4 Bd5 23. Ncd2 f6 24. e4 Bb7 25. Nc4 e5 26. Bc1 Bc8 27. Bd2 Bf8 28.
Ke2 Be6 29. Kd3 Nb7 30. Be3 g5 31. a5 bxa5 32. Nbxa5 Nc5+ 33. Kc3 Na4+ 34. Kc2
Bd7 35. b6 axb6 36. Nxb6 Nxb6 37. Bxb6 Bb5 38. Kd2 h5 39. Nb3 Kf7 40. Bc5 Ba4
41. Bxf8 Bxb3 1/2-1/2

[Event "TCh-CHN 2019"]
[Site "China CHN"]
[Date "2019.04.09"]
[Round "1.4"]
[Board "1"]
[White "Chen, Qi b"]
[Black "Ni, Hua"]
[Result "0-1"]
[WhiteTitle "IM"]
[BlackTitle "GM"]
[WhiteElo "2445"]
[BlackElo "2669"]
[WhiteTeam "Jiangsu team"]
[BlackTeam "China Mobil Shanghai Chess Club"]
[WhiteFideId "8614733"]
[BlackFideId "8601160"]
[EventDate "2019.04.09"]

1. e4 c5 2. Nf3 Nc6 3. Nc3 e5 4. Bc4 Be7 5. d3 Nf6 6. Bg5 d6 7. Bxf6 Bxf6 8. Nd5
O-O 9. c3 g6 10. h4 h5 11. Nxf6+ Qxf6 12. Ng5 Kg7 13. Qd2 Qe7 14. O-O-O f6 15.
Nh3 Rb8 16. f4 b5 17. Bd5 Qc7 18. Nf2 b4 19. Bxc6 bxc3 20. Qxc3 Qxc6 21. g4 hxg4
22. Rdg1 Qa4 23. Nxg4 Qxa2 24. f5 Rb3 25. Qc2 Ba6 26. Nf2 Rfb8 27. Rxg6+ Kf7 28.
Rhg1 Rxb2 29. Rg7+ Ke8 30. Rg8+ Kd7 0-1

[Event "TCh-CHN 2019"]
[Site "China CHN"]
[Date "2019.04.09"]
[Round "1.4"]
[Board "4"]
[White "Ju, Wenjun"]
[Black "Guo, Qi"]
[Result "1/2-1/2"]
[WhiteTitle "GM"]
[BlackTitle "IM"]
[WhiteElo "2580"]
[BlackElo "2406"]
[WhiteTeam "China Mobil Shanghai Chess Club"]
[BlackTeam "Jiangsu team"]
[WhiteFideId "8603006"]
[BlackFideId "8604002"]
[EventDate "2019.04.09"]

1. e4 e5 2. Nf3 Nc6 3. Bb5 a6 4. Ba4 Nf6 5. O-O Bc5 6. c3 b5 7. Bb3 d6 8. d4 Bb6
9. a4 Rb8 10. a5 Ba7 11. h3 O-O 12. Be3 Ra8 13. Nbd2 h6 14. Re1 Re8 15. Qc2 Bb7
16. dxe5 Bxe3 17. exf6 Bxd2 18. Qxd2 Qxf6 19. Bd5 Rad8 20. Nh2 Ba8 21. f4 Ne7
22. Bxa8 Rxa8 23. Nf3 Ng6 24. g3 h5 25. Kg2 Re7 26. Re2 Rae8 27. Rae1 h4 28. f5
Ne5 29. Nxh4 Nc4 30. Qf4 Nxa5 31. Nf3 Qh6 32. Qxh6 gxh6 33. Nd4 Nc4 34. Nc6 Rd7
35. Ra1 Ra8 36. f6 Ne5 37. Ne7+ Kh7 38. b4 Rdd8 39. Rea2 Nd7 40. Rxa6 Rxa6 41.
Rxa6 Nxf6 42. Rc6 Rd7 43. Nc8 Nxe4 44. Na7 Nf6 45. Nxb5 Nd5 46. Kf2 Re7 47. Rc4
Kg6 48. Rd4 Nf6 49. Kf3 Nd7 50. Rd1 Nf6 51. c4 Nd7 52. Kf2 Ne5 53. c5 dxc5 54.
bxc5 f6 55. Rd8 c6 56. Nd4 Nd3+ 1/2-1/2

[Event "TCh-CHN 2019"]
[Site "China CHN"]
[Date "2019.04.09"]
[Round "1.4"]
[Board "5"]
[White "Ni, Shiqun"]
[Black "Shen, Yang"]
[Result "1/2-1/2"]
[WhiteTitle "WGM"]
[BlackTitle "IM"]
[WhiteElo "2389"]
[BlackElo "2402"]
[WhiteTeam "China Mobil Shanghai Chess Club"]
[BlackTeam "Jiangsu team"]
[WhiteFideId "8608466"]
[BlackFideId "8603162"]
[EventDate "2019.04.09"]

1. e4 e5 2. Nf3 Nc6 3. Bb5 a6 4. Ba4 Nf6 5. O-O Be7 6. d3 b5 7. Bb3 d6 8. a3 O-O
9. Nc3 Bb7 10. Bg5 h6 11. Bxf6 Bxf6 12. Nd5 g6 13. Nxf6+ Qxf6 14. Bd5 Nd8 15.
Bxb7 Nxb7 16. a4 Kg7 17. b4 Qe6 18. Qd2 Rfc8 19. d4 exd4 20. Qxd4+ Kh7 21. Qd5
Qxd5 22. exd5 bxa4 23. Nd4 a5 24. Rxa4 axb4 25. Rxb4 Nc5 26. Re1 Re8 27. Rbb1
Rab8 28. f3 Re5 29. Rxb8 Rxe1+ 30. Kf2 Re5 31. Nb5 Rxd5 32. Nxc7 Rd2+ 33. Kf1
Nd7 34. Rb7 Ne5 35. Ne8 g5 36. Nf6+ Kg6 37. Ne4 Rxc2 38. Nxd6 Rc1+ 39. Ke2 Rc6
40. Ne4 f5 41. Nd2 Re6 42. Nf1 g4 43. f4 Nd7+ 44. Ne3 Nc5 45. Rb5 Ne4 46. Kd3
Nf2+ 47. Kd2 Ne4+ 48. Kd3 Nf2+ 49. Kd4 1/2-1/2

[Event "TCh-CHN 2019"]
[Site "China CHN"]
[Date "2019.04.09"]
[Round "1.5"]
[Board "1"]
[White "Xu, Xiangyu"]
[Black "Zou, Chen"]
[Result "1-0"]
[WhiteTitle "GM"]
[BlackTitle "FM"]
[WhiteElo "2582"]
[BlackElo "2459"]
[WhiteTeam "Chengdu Beilei Youth Chess Club"]
[BlackTeam "Hangzhou Hongda team"]
[WhiteFideId "8608288"]
[BlackFideId "8610959"]
[EventDate "2019.04.09"]

1. e4 c5 2. Nc3 d6 3. Nge2 Nf6 4. d4 cxd4 5. Nxd4 a6 6. h3 e5 7. Nde2 h5 8. g3
Be6 9. Bg2 b5 10. O-O Nbd7 11. a4 b4 12. Nd5 Nxd5 13. exd5 Bf5 14. Bd2 Nf6 15.
Bxb4 Qd7 16. Kh2 Rc8 17. c3 Be7 18. Nc1 e4 19. Nb3 h4 20. g4 Nxg4+ 21. hxg4 h3
22. Bf3 exf3 23. gxf5 Qxf5 24. Nd4 Qf4+ 25. Kh1 Rc4 26. Re1 Kf8 27. Re3 Rh6 28.
Qxf3 Qg5 29. Rg1 Qh4 30. Nf5 1-0

[Event "TCh-CHN 2019"]
[Site "China CHN"]
[Date "2019.04.09"]
[Round "1.5"]
[Board "2"]
[White "Zhao, Yuanhe"]
[Black "Inarkiev, Ernesto"]
[Result "1/2-1/2"]
[BlackTitle "GM"]
[WhiteElo "2470"]
[BlackElo "2663"]
[WhiteTeam "Chengdu Beilei Youth Chess Club"]
[BlackTeam "Hangzhou Hongda team"]
[WhiteFideId "8609497"]
[BlackFideId "4162722"]
[EventDate "2019.04.09"]

1. Nf3 d5 2. d4 Nf6 3. Bf4 e6 4. e3 Bd6 5. Bxd6 Qxd6 6. c3 O-O 7. Nbd2 c5 8. Bd3
Nc6 9. O-O e5 10. dxe5 Nxe5 11. Nxe5 Qxe5 12. Qa4 Bd7 13. Qh4 Rfe8 14. Rfe1 Bc6
15. Rad1 a5 16. a4 Rad8 17. Bb5 Bxb5 18. axb5 b6 19. h3 Rd6 20. Nf3 Qe7 21. c4
Qd7 22. Qf4 h6 23. e4 Rxe4 24. Rxe4 Nxe4 25. Ne5 Qe6 26. cxd5 Rxd5 27. Rxd5 Qxd5
28. Nxf7 c4 29. Ne5 c3 30. bxc3 Nxc3 31. Qf5 Ne2+ 32. Kh2 Nd4 33. Qc8+ Kh7 34.
Nd7 Qd6+ 35. Kh1 a4 36. Qe8 a3 37. Nf8+ Kg8 38. Nd7+ 1/2-1/2

[Event "TCh-CHN 2019"]
[Site "China CHN"]
[Date "2019.04.09"]
[Round "1.5"]
[Board "3"]
[White "Fedoseev, Vladimir3"]
[Black "Xiang, Zeyu"]
[Result "1-0"]
[WhiteTitle "GM"]
[BlackTitle "IM"]
[WhiteElo "2677"]
[BlackElo "2446"]
[WhiteTeam "Chengdu Beilei Youth Chess Club"]
[BlackTeam "Hangzhou Hongda team"]
[WhiteFideId "24130737"]
[BlackFideId "8608547"]
[EventDate "2019.04.09"]

1. e4 e5 2. Nf3 Nc6 3. Bc4 Bc5 4. c3 Nf6 5. d3 O-O 6. O-O d5 7. exd5 Nxd5 8. a4
a5 9. Nbd2 Nb6 10. Bb5 Bg4 11. h3 Bh5 12. Re1 f6 13. Ne4 Bd6 14. Be3 Kh8 15. g4
Bf7 16. Bxb6 cxb6 17. d4 exd4 18. Nxd4 Nxd4 19. Nxd6 Qxd6 20. Qxd4 Qxd4 21. cxd4
Rac8 22. Rac1 Kg8 23. Bd7 Rxc1 24. Rxc1 Bd5 25. f4 Rd8 26. Rc7 Bc6 27. Be6+ Kf8
28. Rf7+ Ke8 29. Rxg7 Rxd4 30. f5 Rd2 31. b3 Bd5 32. Bxd5 Rxd5 33. Rxb7 Rd3 34.
Rxb6 h5 35. gxh5 Rxh3 36. Kg2 Rxh5 37. Rxf6 Rh4 38. Re6+ Kf7 39. Re5 Rg4+ 40.
Kf2 1-0

[Event "TCh-CHN 2019"]
[Site "China CHN"]
[Date "2019.04.09"]
[Round "1.5"]
[Board "4"]
[White "Zhou, Zirun"]
[Black "Koneru, Humpy"]
[Result "0-1"]
[BlackTitle "GM"]
[WhiteElo "2124"]
[BlackElo "2574"]
[WhiteTeam "Hangzhou Hongda team"]
[BlackTeam "Chengdu Beilei Youth Chess Club"]
[WhiteFideId "8610975"]
[BlackFideId "5008123"]
[EventDate "2019.04.09"]

1. d4 d5 2. c4 e6 3. Nc3 Bb4 4. e3 Nf6 5. Ne2 O-O 6. a3 Be7 7. cxd5 exd5 8. Nf4
c6 9. Bd3 a5 10. O-O Nbd7 11. Rb1 Re8 12. Qc2 Bd6 13. f3 Nf8 14. b4 axb4 15.
axb4 b6 16. Rd1 Qe7 17. b5 Bxf4 18. exf4 c5 19. dxc5 bxc5 20. Bf1 Bb7 21. Na4
Ne6 22. Re1 Qd6 23. f5 Nd4 24. Qxc5 Nxf3+ 25. gxf3 Qxc5+ 26. Nxc5 Rxe1 27. Nxb7
Rc8 28. b6 Rcxc1 29. Rxc1 Rxc1 30. Na5 Nd7 31. b7 Rb1 32. Kf2 Nc5 0-1

[Event "TCh-CHN 2019"]
[Site "China CHN"]
[Date "2019.04.09"]
[Round "1.5"]
[Board "5"]
[White "Zhao, Shengxin"]
[Black "Ren, Xiaoyi"]
[Result "0-1"]
[WhiteTitle "WFM"]
[WhiteElo "2093"]
[BlackElo "2253"]
[WhiteTeam "Hangzhou Hongda team"]
[BlackTeam "Chengdu Beilei Youth Chess Club"]
[WhiteFideId "8608040"]
[BlackFideId "8608709"]
[EventDate "2019.04.09"]

1. d4 Nf6 2. Bf4 g6 3. Nf3 Bg7 4. e3 O-O 5. c4 d5 6. Nc3 c6 7. h3 Bf5 8. Bd3
dxc4 9. Bxf5 gxf5 10. Qc2 Qa5 11. g4 Na6 12. Ne5 Nd5 13. gxf5 Nab4 14. Qd2 Nxf4
15. exf4 Rad8 16. O-O Bxe5 17. fxe5 Qxe5 18. Ne2 Kh8 19. Ng3 c5 20. a3 Nc6 21.
dxe5 Rxd2 0-1

[Event "TCh-CHN 2019"]
[Site "China CHN"]
[Date "2019.04.09"]
[Round "1.6"]
[Board "1"]
[White "Lu, Shanglei"]
[Black "Yuan, Qingyu"]
[Result "1-0"]
[WhiteTitle "GM"]
[WhiteElo "2612"]
[BlackElo "2372"]
[WhiteTeam "Zhejiang team"]
[BlackTeam "Beijing team"]
[WhiteFideId "8603332"]
[BlackFideId "8609772"]
[EventDate "2019.04.09"]

1. e4 e5 2. Bc4 Nc6 3. Nf3 Bc5 4. c3 Nf6 5. d3 d6 6. b4 Bb6 7. Nbd2 O-O 8. Bb3
Be6 9. O-O a6 10. Nc4 Bxc4 11. Bxc4 Ne7 12. Bb3 Ng6 13. Re1 h6 14. d4 Nh7 15.
Be3 Qf6 16. a4 Rfd8 17. Bd5 exd4 18. cxd4 c6 19. Bb3 a5 20. b5 d5 21. exd5 cxd5
22. Rc1 Nhf8 23. Ne5 Ne6 24. g3 Ng5 25. Kg2 Qf5 26. h4 Nxe5 27. dxe5 Bxe3 28.
Rxe3 d4 29. Rd3 Ne4 30. f3 Nxg3 31. Kxg3 Qxe5+ 32. f4 Qd6 33. Qh5 Rd7 34. Rc5
Rad8 35. Kf3 Re8 36. Re5 Red8 37. Qf5 g6 38. Qe4 Qc7 39. Qxg6+ Kf8 40. Qxh6+ 1-0

[Event "TCh-CHN 2019"]
[Site "China CHN"]
[Date "2019.04.09"]
[Round "1.6"]
[Board "3"]
[White "Lan, Zilun"]
[Black "Wang, Yiye"]
[Result "1/2-1/2"]
[BlackTitle "IM"]
[WhiteElo "2313"]
[BlackElo "2444"]
[WhiteTeam "Zhejiang team"]
[BlackTeam "Beijing team"]
[WhiteFideId "8604193"]
[BlackFideId "8606021"]
[EventDate "2019.04.09"]

1. d4 Nf6 2. c4 e6 3. Nc3 Bb4 4. Qc2 O-O 5. a3 Bxc3+ 6. Qxc3 b5 7. cxb5 c6 8.
Bg5 cxb5 9. e3 Bb7 10. Nf3 h6 11. Bxf6 Qxf6 12. Be2 Rc8 13. Qd3 a6 14. O-O d6
15. Rfc1 Nc6 16. Qd2 Qd8 17. Rc3 Ne7 18. Rxc8 Rxc8 19. a4 bxa4 20. Rxa4 Qb6 21.
h3 Nd5 22. Bd3 Qb3 23. Ra3 Qb6 24. Ra4 Qb3 25. Ra3 Qb6 26. Ra4 Qb3 27. Ra3 Qb6
28. Ra4 Qb3 29. Ra3 Qb6 30. Ra4 1/2-1/2